[Event "Bayern-chI Bank Hofmann 23rd"]
[Site "Tegernsee"]
[Date "2019.11.01"]
[Round "7"]
[White "Ryzhkov, Vadim"]
[Black "Moehn, Hans"]
[Result "1/2-1/2"]
[WhiteElo "2187"]
[BlackElo "2370"]
[PlyCount "142"]
[EventDate "2019.10.26"]
[EventType "swiss"]
[EventRounds "9"]
[EventCountry "GER"]
[SourceTitle "CBM 192 Extra"]
[Source "Chessbase"]
[SourceDate "2019.11.06"]
[SourceVersion "1"]
[SourceVersionDate "2019.11.06"]
[SourceQuality "1"]

1. e4 c6 2. d4 d5 3. e5 Bf5 4. Nd2 e6 5. Nb3 Nd7 6. Nf3 h6 7. Be2 Ne7 8. 0-0 Qc7 9. a4 Bh7 10. Re1 Ng6 11. h4 Be7 12. g3 0-0 13. h5 Nh8 14. Bf4 Qd8 15. Bd3 Bxd3 16. Qxd3 f5 17. exf6 Nxf6 18. Qe2 Qc8 19. Qxe6+ Qxe6 20. Rxe6 Kf7 21. Re2 Nxh5 22. Ne5+ Kg8 23. Nd7 Rf7 24. Rae1 Ng6 25. Bd2 Nf6 26. Ne5 Nxe5 27. dxe5 Ne4 28. Kg2 Nxd2 29. Rxd2 g5 30. Rh1 Kg7 31. Nd4 g4 32. Rdd1 Kg6 33. Ne6 Bg5 34. Rd4 Re8 35. Nf4+ Kf5 36. Nd3 Rc7 37. b4 a5 38. bxa5 c5 39. Rxd5 c4 40. Nb4 Rxe5 41. Rhd1 Rxd5 42. Rxd5+ Ke4 43. Rb5 Bd2 44. a6 bxa6 45. Nxa6 Ra7 46. Nc5+ Kd4 47. Rb7 Ra5 48. Rd7+ Kxc5 49. Rxd2 Kb4 50. f3 Kc3 51. Re2 gxf3+ 52. Kxf3 Rxa4 53. Ke4 Ra5 54. Rf2 Rg5 55. Kf4 Rd5 56. Ke4 Rd2 57. Rf6 Re2+ 58. Kd5 Rxc2 59. Rxh6 Rd2+ 60. Ke4 Rd4+ 61. Kf5 Kd3 62. g4 c3 63. Rh3+ Kc4 64. Rxc3+ Kxc3 65. g5 Rd5+ 66. Kf6 Kd4 67. g6 Rd6+ 68. Kf7 Rd7+ 69. Kf6 Rd6+ 70. Kf5 Rd7 71. Kf6 Rd6+ 1/2-1/2

[Event "Bayern-chI Bank Hofmann 21st"]
[Site "Tegernsee"]
[Date "2017.11.04"]
[Round "8"]
[White "Singer, Christoph"]
[Black "Ryzhkov, Vadim"]
[Result "1/2-1/2"]
[WhiteElo "2391"]
[BlackElo "2145"]
[PlyCount "141"]
[EventDate "2017.10.28"]
[EventType "swiss"]
[EventRounds "9"]
[EventCountry "GER"]
[SourceTitle "CBM 181 Extra"]
[Source "ChessBase"]
[SourceDate "2017.12.12"]
[SourceVersion "1"]
[SourceVersionDate "2017.12.12"]
[SourceQuality "1"]

1. e4 e6 2. d4 d5 3. Nd2 a6 4. Ngf3 Nf6 5. Bd3 c5 6. c3 Nc6 7. 0-0 cxd4 8. cxd4 dxe4 9. Nxe4 Be7 10. a3 0-0 11. Be3 Nd5 12. Qd2 f5 13. Nc3 Bf6 14. Bc4 Nce7 15. Bg5 b5 16. Bb3 Qd6 17. Rfe1 h6 18. Bxf6 Rxf6 19. Nxd5 Nxd5 20. Rac1 Bb7 21. Ne5 Ne7 22. Rc5 Rd8 23. Rd1 Nc6 24. Nxc6 Bxc6 25. Qe3 Rg6 26. g3 Be4 27. Re5 Kf7 28. f3 Bd5 29. Bxd5 exd5 30. Rxf5+ Kg8 31. Re5 Rc8 32. Rc1 Rc4 33. b3 Rxc1+ 34. Qxc1 Rf6 35. f4 Rf8 36. Qc5 Rd8 37. Kf2 Qd7 38. f5 Rc8 39. Qxd5+ Qxd5 40. Rxd5 Rc2+ 41. Ke3 Rc3+ 42. Ke4 Rxb3 43. a4 Rb2 44. Rd8+ Kf7 45. Rd7+ Kf8 46. axb5 axb5 47. h4 h5 48. d5 b4 49. Rb7 b3 50. d6 Rd2 51. Rxb3 Rxd6 52. Rb8+ Kf7 53. Rh8 g6 54. Ke5 Ra6 55. Rh7+ Kg8 56. Rd7 gxf5 57. Rd6 Ra3 58. Rg6+ Kf7 59. Rg5 Ra5+ 60. Kf4 Kf6 61. Rxh5 Ra4+ 62. Kf3 Ra3+ 63. Kf4 Ra4+ 64. Kf3 Ra3+ 65. Kg2 Ra2+ 66. Kh3 Ra3 67. Rh8 Kg7 68. Rh5 f4 69. Rg5+ Kh6 70. Rg4 Rxg3+ 71. Rxg3 1/2-1/2

[Event "Bayern-chI Bank Hofmann 21st"]
[Site "Tegernsee"]
[Date "2017.11.02"]
[Round "6"]
[White "Weber, Ulrich"]
[Black "Ryzhkov, Vadim"]
[Result "1-0"]
[WhiteElo "2357"]
[BlackElo "2145"]
[PlyCount "109"]
[EventDate "2017.10.28"]
[EventType "swiss"]
[EventRounds "9"]
[EventCountry "GER"]
[SourceTitle "CBM 181 Extra"]
[Source "ChessBase"]
[SourceDate "2017.12.12"]
[SourceVersion "1"]
[SourceVersionDate "2017.12.12"]
[SourceQuality "1"]

1. g3 Nf6 2. Bg2 d5 3. d3 c6 4. Nd2 Bg4 5. h3 Bh5 6. g4 Bg6 7. f4 e6 8. e4 dxe4 9. dxe4 h6 10. Qf3 Na6 11. Ne2 Bc5 12. a3 Qa5 13. c3 Qb6 14. b4 Be7 15. Ng3 Nd7 16. Nc4 Qc7 17. 0-0 f6 18. f5 Bf7 19. fxe6 Bxe6 20. Bf4 Ne5 21. Nxe5 fxe5 22. Be3 Bf6 23. Nf5 Bxf5 24. exf5 0-0 25. Qf2 b6 26. h4 Qe7 27. Bxc6 Rac8 28. Bd5+ Kh7 29. g5 hxg5 30. Qg2 g4 31. Qxg4 Qe8 32. Rac1 Nc7 33. Bb7 Rb8 34. Be4 Rd8 35. c4 Kg8 36. Rf3 Qa4 37. Rg3 Rd7 38. Bg5 Rff7 39. Kh1 Kf8 40. Rcg1 Ke7 41. Qf3 Rd4 42. Bxf6+ gxf6 43. Rg7 Qe8 44. h5 Qh8 45. Rxf7+ Kxf7 46. Rg6 Qd8 47. h6 Rd1+ 48. Kh2 Qd2+ 49. Kh3 Re1 50. h7 Re2 51. Qxe2 Qxe2 52. h8Q Qf1+ 53. Kh2 Qf4+ 54. Rg3 Qf2+ 55. Bg2 1-0

[Event "Munich OIS op 37th"]
[Site "Munich"]
[Date "2017.10.02"]
[Round "3"]
[White "Kretschel, Klaus"]
[Black "Ryzhkov, Vadim"]
[Result "1/2-1/2"]
[WhiteElo "2037"]
[BlackElo "2145"]
[PlyCount "150"]
[EventDate "2017.09.30"]
[EventType "swiss"]
[EventRounds "9"]
[EventCountry "GER"]
[SourceTitle "CBM 181 Extra"]
[Source "ChessBase"]
[SourceDate "2017.12.12"]
[SourceVersion "1"]
[SourceVersionDate "2017.12.12"]
[SourceQuality "1"]

1. e3 Nf6 2. c4 g6 3. Nf3 Bg7 4. Nc3 0-0 5. Be2 d5 6. cxd5 Nxd5 7. Qb3 Nb6 8. d4 Be6 9. Qc2 Nc6 10. 0-0 Nb4 11. Qb1 Bc4 12. Bxc4 Nxc4 13. b3 Nb6 14. Bb2 e6 15. a4 a5 16. Ba3 Re8 17. Bxb4 axb4 18. Ne4 Nd5 19. Qc2 f5 20. Nc5 b6 21. Nd3 c5 22. Nde5 Nc3 23. dxc5 bxc5 24. Rac1 Qd5 25. Nc4 Rad8 26. Rfe1 Qd3 27. Qxd3 Rxd3 28. Rc2 Ne4 29. Rb1 Red8 30. g3 g5 31. h3 R8d5 32. Kg2 g4 33. hxg4 fxg4 34. Nh2 h5 35. Nf1 Bc3 36. Ra2 Rd7 37. Nb6 Ra7 38. Nc4 Rd8 39. Rc2 Rf7 40. Nh2 Rdf8 41. Rf1 Kg7 42. f3 gxf3+ 43. Rxf3 Rxf3 44. Nxf3 Kh7 45. Nh2 Rg8 46. Nf1 Be1 47. Kf3 Nxg3 48. Nxg3 Rxg3+ 49. Ke4 h4 50. Re2 Rg1 51. Kf3 Bg3 52. Rg2 Ra1 53. Kg4 Kg6 54. e4 Kf6 55. e5+ Ke7 56. Re2 Kd7 57. Rd2+ Kc7 58. Rd6 Bxe5 59. Rxe6 Bg3 60. Rh6 Ra3 61. Na5 Kd7 62. Kf5 c4 63. Nxc4 Rxb3 64. Nb6+ Kc7 65. a5 Rf3+ 66. Kg4 Rf4+ 67. Kh3 Rf5 68. a6 Ra5 69. a7 Rxa7 70. Nd5+ Kd8 71. Rh8+ Kd7 72. Rh7+ Kd6 73. Rxa7 Kxd5 74. Rb7 Kc4 75. Rxb4+ Kxb4 1/2-1/2